Slovník ekonomických pojmů plánovitého řízení

Na minha lista:
Detalhes bibliográficos
Formato: Livro
Idioma:tcheco
Publicado em: Praha Práce 1985
Colecção:Příruční knihovna ROH
Tags: Adicionar Tag
Sem tags, seja o primeiro a adicionar uma tag!

MARC

LEADER 00000nam a2200000 4500
001 c109051
005 20150325111253.0
041 0 |a cze 
044 |a CZ 
245 1 0 |a Slovník ekonomických pojmů plánovitého řízení 
264 1 |a Praha  |b Práce  |c 1985 
300 |a 403 s. 
490 1 |a Příruční knihovna ROH 
830 0 |a Příruční knihovna ROH